| Tag |
First Indicator |
Second Indicator |
Subfields |
| LEADER |
00000cas a2200000 4500 |
| 001 |
in00000051631 |
| 005 |
20151007072042.0 |
| 008 |
740913d19731989dcumr1p 0uuua0eng d |
| 010 |
|
|
|a sn 78000845
|
| 012 |
|
|
|e n
|k 1
|m 1
|
| 022 |
|
|
|a 0091-536X
|
| 035 |
|
|
|a (OCoLC)01007599
|
| 035 |
|
|
|9 AAE7143AM
|
| 040 |
|
|
|a NLM
|c NLM
|d NSD
|d OCL
|d NSD
|d YUS
|d DLC
|d NSD
|d UCU
|d IUL
|d TXA
|d UtOrBLW
|
| 042 |
|
|
|a nsdp
|
| 049 |
|
|
|a TXAE
|
| 090 |
|
|
|a QH540
|b .C6
|
| 222 |
|
0 |
|a Letter - Conservation Foundation
|
| 245 |
0 |
0 |
|a Conservation Foundation letter.
|
| 264 |
|
1 |
|a Washington, D.C. :
|b Conservation Foundation,
|c 1973-
|
| 264 |
|
4 |
|c ©1989
|
| 300 |
|
|
|a 17 volumes :
|b illustrations ;
|c 28 cm.
|a monthly.
|
| 336 |
|
|
|a text
|b txt
|2 rdacontent
|
| 337 |
|
|
|a unmediated
|b n
|2 rdamedia
|
| 338 |
|
|
|a volume
|b nc
|2 rdacarrier
|
| 362 |
0 |
|
|a April 1973-No. 5, (1989).
|
| 650 |
|
2 |
|a Environmental Health
|z U. S.
|x periodicals.
|
| 650 |
|
2 |
|a Environmental Pollution
|z U. S.
|x periodicals.
|
| 650 |
|
0 |
|a Ecology
|v Periodicals.
|
| 780 |
0 |
0 |
|a Conservation Foundation.
|t C. F. letter; a report on environmental issues
|
| 999 |
|
|
|a MARS
|
| 999 |
f |
f |
|s edbe405c-d8c9-3f9e-937a-682e966ec2e2
|i 4ba3f662-8ad8-38d5-8e46-2f7382952d57
|t 0
|
| 952 |
f |
f |
|p ric
|a Texas A&M University
|b Rellis Campus
|c Joint Library Facility
|d Remote Storage
|t 0
|e QH540 .C6
|h Library of Congress classification
|i unmediated -- volume
|l 1984:May/June-July/Aug.,Nov./Dec-1985:Nov./Dec.
|m A14842427065
|
| 952 |
f |
f |
|p ric
|a Texas A&M University
|b Rellis Campus
|c Joint Library Facility
|d Remote Storage
|t 0
|e QH540 .C6
|h Library of Congress classification
|i unmediated -- volume
|l 1974-1975
|m A14842427180
|
| 952 |
f |
f |
|p ric
|a Texas A&M University
|b Rellis Campus
|c Joint Library Facility
|d Remote Storage
|t 0
|e QH540 .C6
|h Library of Congress classification
|i unmediated -- volume
|l 1978-1979
|m A14842427420
|
| 952 |
f |
f |
|p ric
|a Texas A&M University
|b Rellis Campus
|c Joint Library Facility
|d Remote Storage
|t 0
|e QH540 .C6
|h Library of Congress classification
|i unmediated -- volume
|l 1982:Jan.-Oct.,Dec.-1983:Dec.
|m A14842427602
|
| 952 |
f |
f |
|p ric
|a Texas A&M University
|b Rellis Campus
|c Joint Library Facility
|d Remote Storage
|t 0
|e QH540 .C6
|h Library of Congress classification
|i unmediated -- volume
|l 1976-1977
|m A14842427305
|
| 952 |
f |
f |
|p ric
|a Texas A&M University
|b Rellis Campus
|c Joint Library Facility
|d Remote Storage
|t 0
|e QH540 .C6
|h Library of Congress classification
|i unmediated -- volume
|l 1980-1981
|m A14842427545
|
| 952 |
f |
f |
|p ric
|a Texas A&M University
|b Rellis Campus
|c Joint Library Facility
|d Remote Storage
|t 0
|e QH540 .C6
|h Library of Congress classification
|i unmediated -- volume
|l 1986-1987
|m A14811427830
|
| 952 |
f |
f |
|p ric
|a Texas A&M University
|b Rellis Campus
|c Joint Library Facility
|d Remote Storage
|t 0
|e QH540 .C6
|h Library of Congress classification
|i unmediated -- volume
|l 1988-1989
|m A14812932121
|
| 998 |
f |
f |
|a QH540 .C6
|s 1985-1989
|t 0
|l Remote Storage
|